书目信息 |
| 题名: |
民兵防化分队战术教材
|
|
| 作者: | ;中国人民解放军部参谋部动员部 编 | |
| 分册: | ||
| 出版信息: | 北京 军事科学出版社 2009.11 |
|
| 页数: | 224页 | |
| 开本: | 20cm | |
| 丛书名: | ||
| 单 册: | ||
| 中图分类: | E217 | |
| 科图分类: | ||
| 主题词: | 司令部工作--中国 | |
| 电子资源: | ||
| ISBN: | 580237359 | |
| 000 | 00735nam0 2200205 450 | |
| 001 | 1159241355 | |
| 005 | 20110523162934.45 | |
| 010 | @a580237359@dCNY26.00 | |
| 100 | @a20110523d2009 km y0chiy0120 ea | |
| 101 | 0 | @achi |
| 102 | @aCN@b110000 | |
| 200 | 1 | @a民兵防化分队战术教材@Amin bing fang hua fen dui zhan shu jiao cai@f中国人民解放军部参谋部动员部编@Fzhong guo ren min jie fang jun bu can mou bu dong yuan bu bian |
| 210 | @a北京@c军事科学出版社@d2009.11 | |
| 215 | @a224页@d20cm | |
| 300 | @a民兵军事训练统编教材 | |
| 606 | 0 | @a司令部工作@x中国 |
| 690 | @aE217@v5 | |
| 711 | 02 | @a中国人民解放军部参谋部动员部@Azhong guo ren min jie fang jun bu can mou bu dong yuan bu@4编 |
| 801 | 0 | @aCN@bNISOFT@c20110523 |
| 905 | @aBZT@dE217@e1 | |
| 民兵防化分队战术教材/中国人民解放军部参谋部动员部编.-北京:军事科学出版社,2009.11 |
| 224页;20cm |
| 民兵军事训练统编教材 |
| ISBN 580237359:CNY26.00 |
| ● |
| 相关链接 |
|
|
|
正题名:民兵防化分队战术教材
索取号:E217/1
 
预约/预借
| 序号 | 登录号 | 条形码 | 馆藏地/架位号 | 状态 | 备注 |
| 1 | 785071 | 2000785071 | 中心书库北库/ 北库004架B面3列4层24/ [索取号:E217/1] | 在馆 | |
| 2 | 785072 | 2000785072 | 中心书库北库/ 北库004架B面3列4层28/ [索取号:E217/1] | 在馆 | |
| 3 | 785073 | 2000785073 | 中心书库北库/ 北库004架B面3列4层29/ [索取号:E217/1] | 在馆 | |
| 4 | 785074 | 2000785074 | 中心书库北库/ 北库004架B面3列4层27/ [索取号:E217/1] | 在馆 | |
| 5 | 785075 | 2000785075 | 中心书库北库/ 北库004架B面3列4层25/ [索取号:E217/1] | 在馆 | |
| 6 | 785076 | 2000785076 | 中心书库北库/ 北库004架B面3列4层26/ [索取号:E217/1] | 在馆 |